<?xml version="1.0" encoding="UTF-8"?><?xml-stylesheet type="text/xsl" href="static/style.xsl"?><OAI-PMH xmlns="http://www.openarchives.org/OAI/2.0/" xmlns:xsi="http://www.w3.org/2001/XMLSchema-instance" xsi:schemaLocation="http://www.openarchives.org/OAI/2.0/ http://www.openarchives.org/OAI/2.0/OAI-PMH.xsd"><responseDate>2026-04-18T02:11:30Z</responseDate><request verb="GetRecord" identifier="oai:www.recercat.cat:10230/71089" metadataPrefix="marc">https://recercat.cat/oai/request</request><GetRecord><record><header><identifier>oai:recercat.cat:10230/71089</identifier><datestamp>2025-09-06T10:39:33Z</datestamp><setSpec>com_2072_6</setSpec><setSpec>col_2072_452952</setSpec></header><metadata><record xmlns="http://www.loc.gov/MARC21/slim" xmlns:dcterms="http://purl.org/dc/terms/" xmlns:xsi="http://www.w3.org/2001/XMLSchema-instance" xmlns:doc="http://www.lyncode.com/xoai" xsi:schemaLocation="http://www.loc.gov/MARC21/slim http://www.loc.gov/standards/marcxml/schema/MARC21slim.xsd">
   <leader>00925njm 22002777a 4500</leader>
   <datafield ind2=" " ind1=" " tag="042">
      <subfield code="a">dc</subfield>
   </datafield>
   <datafield ind2=" " ind1=" " tag="720">
      <subfield code="a">Martí-Bonmatí, Luis</subfield>
      <subfield code="e">author</subfield>
   </datafield>
   <datafield ind2=" " ind1=" " tag="720">
      <subfield code="a">Blanquer, Ignacio</subfield>
      <subfield code="e">author</subfield>
   </datafield>
   <datafield ind2=" " ind1=" " tag="720">
      <subfield code="a">Tsiknakis, Manolis</subfield>
      <subfield code="e">author</subfield>
   </datafield>
   <datafield ind2=" " ind1=" " tag="720">
      <subfield code="a">Tsakou, Gianna</subfield>
      <subfield code="e">author</subfield>
   </datafield>
   <datafield ind2=" " ind1=" " tag="720">
      <subfield code="a">Martinez, Ricard</subfield>
      <subfield code="e">author</subfield>
   </datafield>
   <datafield ind2=" " ind1=" " tag="720">
      <subfield code="a">Capella Gutiérrez, Salvador Jesús, 1985-</subfield>
      <subfield code="e">author</subfield>
   </datafield>
   <datafield ind2=" " ind1=" " tag="720">
      <subfield code="a">Zullino, Sara</subfield>
      <subfield code="e">author</subfield>
   </datafield>
   <datafield ind2=" " ind1=" " tag="720">
      <subfield code="a">Meszaros, Janos</subfield>
      <subfield code="e">author</subfield>
   </datafield>
   <datafield ind2=" " ind1=" " tag="720">
      <subfield code="a">Bron, Esther E.</subfield>
      <subfield code="e">author</subfield>
   </datafield>
   <datafield ind2=" " ind1=" " tag="720">
      <subfield code="a">Gelpí, Josep Lluís</subfield>
      <subfield code="e">author</subfield>
   </datafield>
   <datafield ind2=" " ind1=" " tag="720">
      <subfield code="a">Riklund, Katrine</subfield>
      <subfield code="e">author</subfield>
   </datafield>
   <datafield ind2=" " ind1=" " tag="720">
      <subfield code="a">Chaabane, Linda</subfield>
      <subfield code="e">author</subfield>
   </datafield>
   <datafield ind2=" " ind1=" " tag="720">
      <subfield code="a">Schlemmer, Heinz-Peter</subfield>
      <subfield code="e">author</subfield>
   </datafield>
   <datafield ind2=" " ind1=" " tag="720">
      <subfield code="a">Aznar, Mario</subfield>
      <subfield code="e">author</subfield>
   </datafield>
   <datafield ind2=" " ind1=" " tag="720">
      <subfield code="a">Serrano Candelas, Patricia</subfield>
      <subfield code="e">author</subfield>
   </datafield>
   <datafield ind2=" " ind1=" " tag="720">
      <subfield code="a">Gordebeke, Peter</subfield>
      <subfield code="e">author</subfield>
   </datafield>
   <datafield ind2=" " ind1=" " tag="720">
      <subfield code="a">Hierath, Monika</subfield>
      <subfield code="e">author</subfield>
   </datafield>
   <datafield ind2=" " ind1=" " tag="720">
      <subfield code="a">EUCAIM Consortium</subfield>
      <subfield code="e">author</subfield>
   </datafield>
   <datafield ind2=" " ind1=" " tag="720">
      <subfield code="a">European Society of Radiology</subfield>
      <subfield code="e">author</subfield>
   </datafield>
   <datafield ind2=" " ind1=" " tag="260">
      <subfield code="c">2025-09-02T06:29:48Z</subfield>
   </datafield>
   <datafield ind2=" " ind1=" " tag="260">
      <subfield code="c">2025-09-02T06:29:48Z</subfield>
   </datafield>
   <datafield ind2=" " ind1=" " tag="260">
      <subfield code="c">2025</subfield>
   </datafield>
   <datafield ind2=" " ind1=" " tag="520">
      <subfield code="a">Artificial intelligence (AI) is a powerful technology with the potential to disrupt cancer detection, diagnosis and treatment. However, the development of new AI algorithms requires access to large and complex real-world datasets. Although such datasets are constantly being generated, access to them is limited by data fragmentation across numerous repositories and sites, heterogeneity, lack of annotations, and potential privacy issues. The European Cancer Imaging Initiative is a flagship of Europe's Beating Cancer Plan, aiming to unlock the power of AI for cancer patients, clinicians, and researchers by establishing a federated European infrastructure for cancer images through the EU-funded EUropean Federation for CAncer IMages (EUCAIM) project. This infrastructure, called Cancer Image Europe, builds on the AI for Health Imaging network (AI4HI), established European Research Infrastructures (Euro-BioImaging, BBMRI-ERIC, EATRIS, ECRIN, and ELIXIR), and numerous related partners providing access to research tools, images, and related clinical, pathology and molecular data. The infrastructure targets clinicians, researchers, and innovators by providing the means to develop and validate data-intensive AI-based and other IT-enabled clinical decision-making systems supporting precision medicine. Common data models, including a linking hyperontology, quality standards, compliance with the FAIR (Findability, Accessibility, Interoperability and Reusability) principles, data annotation, curation and anonymization services are provided to ensure data quality and interoperability, consistency and privacy. In summer 2024, the EUCAIM project released the first prototype of an EU-wide infrastructure, with a comprehensive dashboard integrating applications for dataset discovery, federated search, data access request, metadata harvesting, annotation, secure processing environments and federated processing. CRITICAL RELEVANCE STATEMENT: EUCAIM's federated infrastructure for cancer image data advances medical research and related AI development in Europe. It addresses the current fragmentation and heterogeneity of data repositories is legally compliant, and facilitates collaboration among clinicians, researchers, and innovators. KEY POINTS: AI solutions to advance cancer care rely on large, high-quality real-world datasets. EUCAIM's federated infrastructure for cancer image data empowers cancer research in Europe. It provides access to research tools, images, and related clinical, pathology and molecular data.</subfield>
   </datafield>
   <datafield ind1="8" ind2=" " tag="024">
      <subfield code="a">http://hdl.handle.net/10230/71089</subfield>
   </datafield>
   <datafield tag="653" ind2=" " ind1=" ">
      <subfield code="a">Artificial intelligence</subfield>
   </datafield>
   <datafield tag="653" ind2=" " ind1=" ">
      <subfield code="a">Cancer research</subfield>
   </datafield>
   <datafield tag="653" ind2=" " ind1=" ">
      <subfield code="a">European Health Data Space</subfield>
   </datafield>
   <datafield tag="653" ind2=" " ind1=" ">
      <subfield code="a">Imaging</subfield>
   </datafield>
   <datafield tag="653" ind2=" " ind1=" ">
      <subfield code="a">Infrastructure</subfield>
   </datafield>
   <datafield ind2="0" ind1="0" tag="245">
      <subfield code="a">Empowering cancer research in Europe: the EUCAIM cancer imaging infrastructure</subfield>
   </datafield>
</record></metadata></record></GetRecord></OAI-PMH>